Súčasný stav rozvoja e-learningu na stredných školách v SR

Podrobná bibliografia
Hlavní autori: Arpáš, Július (Autor), Soták, Vladimír (Autor), Žúbor, Peter, 1974- (Autor)
Médium: Článok
Jazyk:slovenčina
Fyzický popis:Obr.
ISSN:1335-003X
Predmet:

MARC

LEADER 00000nab a2200000 a 4500
001 vtls008412988
003 SK-MaSNL
005 20260304180213.0
008 250505c2005 xo zr|p|||an |000 b|slo
015 |a SNBRB2005/12 
035 |a (uuid)9666739c-3f67-46d8-88f0-518878b71916 
035 |a urn:nbn:sk:snk-ab9tul 
035 |a (urnnbn)urn:nbn:sk:snk:ar-a08usf 
038 |a SPK 
040 |a SNKBUCL  |b slo  |c SNKBUCL  |e AACR2 
041 0 |a slo 
044 |a xo  |c SK 
080 |a 004  |2 1997 
080 |a 621.3  |2 1997 
080 |a 373.5  |2 1997 
100 1 |a Arpáš, Július  |4 aut  |9 1452904 
245 1 0 |a Súčasný stav rozvoja e-learningu na stredných školách v SR  |c Július Arpáš, Vladimír Soták, Peter Žúbor 
300 |b Obr. 
504 |a Bibliogr. odkazy 
546 |a Res. slov. 
650 0 7 |a informačné technológie  |2 spk  |9 1527 
650 0 7 |a e-learning  |2 spk  |9 28660 
650 0 7 |a internet  |2 spk  |9 1833 
650 0 7 |a elektronika  |2 spk  |9 3618 
650 0 7 |a vyučovacia hodina  |2 spk  |9 71298 
650 0 7 |a stredná škola  |s pk  |2 snkbucl  |9 642005 
700 1 |a Soták, Vladimír  |4 aut  |9 301432 
700 1 |a Žúbor, Peter,  |d 1974-  |4 aut  |9 196524 
773 0 |t Technológia vzdelávania  |g Roč. XIII, č. 7 (2005),  |g Č. 7 (2005), s. 2  |x 1335-003X 
773 0 |t Slovenský učiteľ  |g Roč. XIII, č. 7 (2005),  |g Č. 7 (2005), s. 2  |x 1335-003X 
850 |a Slovenská národná knižnica 
852 |a Slovenská národná knižnica 
954 |a odborná, vedecká literatúra pôvodná (slovenská)  |2 lita 
958 |a article13 
958 |a NB 
958 |a OND 
958 |a EUIPO 
999 |c 3016957  |d 3018887